000 00805nas a2200277 4500
001 BR2011005401
003 BR-BrBNA
005 20231205115616.0
007 ta
008 230509b bl.|||p| |||| 00| 00por d
040 _aBR-BrBNA
_bpor
_cBiblioteca Nacional de Agricultura
041 _a(Pt)
072 _aL70
100 1 _aOlsson, D.C.
100 1 _aPippi, N.L.
100 1 _aRaiser, A.G.
100 1 _aOliveira, G.K. de
100 1 _aTreichel, T.L.E.
100 1 _aSalbego, F.Z.
245 1 _aMarcadores fluorescentes coloidais: conceitos e aplicações
650 _aVETERINÁRIA
650 _aBIOTECNOLOGIA
773 0 _tCiência Rural (Brazil)
_xISSN 0103-8478
_g(Jun 2011), v. 41(6) p. 1043-1050
_wBR2011005401
909 _a202311
_bLúcia
_c55
_dLúcia Elande
942 _2AGRIS
_n0
_cANA
999 _c214764
_d214764